000 00433nam a2200181Ia 4500
001 4107
005 20260306145731.0
008 260306t2003||||xx |||||||||||||| ||spa||
041 _aESP
082 _a306.85
_bH12 Nº 85
100 _aVásquez Vega, Antonio
_eAUT
245 0 _aPrimera etapa del matrimonio
260 _c2003
300 _a265 páginas :
_c19 cm.
650 _aGEN
654 _aCED
942 _cLIB
_dJUS
_fJUS
_2ddc
_n
999 _c4107
_d4107